000 00560cam a2200229 i 4500
001 1733863
005 20180201053531.0
008 741023s1975 caua b 001 0 eng
010 _a 74023269
020 _a071670174X
040 _aDLC
_cDLC
_dDLC
041 _aeng
060 _aQU4 S928b
080 _a574.192
082 0 0 _a574.192 STR
100 1 _a5
101 _aBIOK
245 1 0 _aBiochemistry /
_cLubert Stryer.
504 _aIncludes bibliographies and index.
906 _a7
_bcbc
_corignew
_d1
_eocip
_f19
_gy-gencatlg
942 _2ddc
_cBK
999 _c41512
_d41512